Resumen del Vigésimonoveno seminario del Programa de Estudios Conjuntos sobre la Integración Económica Latinoamericana
Tallennettuna:
| Yhteisötekijä: | |
|---|---|
| Aineistotyyppi: | Teksti |
| Julkaistu: |
Bogotá:
ECIEL
|
| Tagit: |
Lisää tagi
Ei tageja, Lisää ensimmäinen tagi!
|
MARC
| LEADER | 00000 a a2200000 04500 | ||
|---|---|---|---|
| 001 | 25573 | ||
| 003 | |||
| 040 | |||
| 090 | |a 160402 | ||
| 110 | |a ECIEL | ||
| 245 | |a Resumen del Vigésimonoveno seminario del Programa de Estudios Conjuntos sobre la Integración Económica Latinoamericana | ||
| 260 | |a Bogotá: |b ECIEL | ||
| 300 | |a 151 p. | ||
| 999 | |c 15597 |d 15597 | ||
